|
|
|
|
| LEADER |
00000nab a2200000uu 4500 |
| 001 |
vtls011465282 |
| 003 |
SK-MaSNL |
| 005 |
20260303154858.0 |
| 008 |
230222|1965 xo |||||||||||||||||cze| |
| 015 |
|
|
|a SNBRB
|
| 035 |
|
|
|a (urnnbn)urn:nbn:sk:snk:ar-a0awta
|
| 035 |
|
|
|a (uuid)96e6c036-9492-4eb3-8ef5-2b9300f9a9f2
|
| 035 |
|
|
|a urn:nbn:sk:snk-abcy2x
|
| 040 |
|
|
|a SNKBUCL
|b slo
|c SNKBUCL
|e AACR2
|
| 041 |
0 |
|
|a cze
|
| 044 |
|
|
|a xo
|c SK
|
| 100 |
1 |
|
|a Škrla, Josef
|4 aut
|9 1177938
|
| 245 |
1 |
0 |
|a Kovový odpad zdroj surovin a úspor
|c Josef Škrla
|
| 773 |
0 |
|
|t Technická práca : časopis Ústřední rady Čs. vědecko-technické společnosti
|g Roč. 17, č. 7 (1965), s. 513-516
|
| 958 |
|
|
|a OND
|
| 958 |
|
|
|a EUIPO
|
| 958 |
|
|
|a article16
|
| 999 |
|
|
|c 2037270
|d 2039200
|